| 000 | 01054cam a22001814a 4500 | ||
|---|---|---|---|
| 005 | 20250605164142.0 | ||
| 008 | 250528s ||||||||||||||||||||||||d | ||
| 035 | _a19006 | ||
| 040 |
_aGR-AtMCL _bgre _dGR-AtMCL _eAACR2 |
||
| 245 | 1 | _aΛογιστική | |
| 300 | _a224 | ||
| 520 | _aΓενικές Αρχές Λογιστικής, Εισαγωγή, Έννοια της Λογιστικής, Εμφάνιση της Οικονομικής Καταστάσεως της Επιχειρήσεως, Μεταβολές της Οικονομικής Καταστάσεως της Επιχειρήσεων, Λογαριασμοί, Εξέταση των Λογαριασμών από Απόψεως Εντάξεως των στον Ισολογισμό, Λογιστική Οργάνωση, Ειδικά Θέματα Επιχειρήσεων, Ασκήσεις. | ||
| 700 | 1 |
_aΚοντογεωργάκης Αντώνης _95286 |
|
| 942 | _cBK | ||
| 260 | _bΚεας - Κέντρο Ανωτέρων Σπουδών Ξυνή | ||
| 999 |
_c4297 _d4297 |
||